[Event "TCh-RUS Rapid 2016"]
[Site "Sochi RUS"]
[Date "2016.10.05"]
[Round "1.4"]
[Board "3"]
[White "Jary, Sergey"]
[Black "Khismatullin, Denis"]
[Result "0-1"]
[BlackTitle "GM"]
[WhiteElo "2297"]
[BlackElo "2617"]
[WhiteTeam "Tauris (Respublika Krym)"]
[BlackTeam "Malachite (Sverdlovsk region)"]
[WhiteFideId "14110350"]
[BlackFideId "4142578"]
[EventDate "2016.10.05"]

1. d4 Nf6 2. Bg5 e6 3. e4 h6 4. Bxf6 Qxf6 5. e5 Qd8 6. Nf3 d5 7. c4 Bb4+ 8. Nc3
c5 9. cxd5 exd5 10. Bb5+ Nc6 11. O-O O-O 12. dxc5 Be6 13. Rc1 Bxc5 14. Bxc6 bxc6
15. Nxd5 Bxf2+ 16. Rxf2 Bxd5 17. Qd4 Re8 18. b3 a5 19. Qf4 Rb8 20. Rd1 Qc7 21.
Re1 Rb4 22. Qg3 Qe7 23. Rfe2 a4 24. bxa4 Rxa4 25. Qf2 Rea8 26. Nd4 Qc5 27. Nf5
Qxf2+ 28. Rxf2 Rxa2 29. Ne7+ Kf8 30. Ng6+ Ke8 31. Nf4 Ke7 32. Rd1 Ra1 33. Rd2
Rxd1+ 34. Rxd1 Rd8 35. h4 g5 36. hxg5 hxg5 37. Nh5 Ra8 38. Rd2 Ra4 39. Nf6 Ke6
40. Nh7 g4 41. Kh2 Kxe5 42. Nf8 f5 43. Nd7+ Kf4 44. Nf6 Ra5 45. Rf2+ Kg5 46.
Nh7+ Kg6 47. Nf8+ Kf6 48. Nd7+ Kg5 49. Ne5 Ra3 50. Kg1 g3 51. Rf1 Ra2 52. Nf3+
Bxf3 0-1

[Event "TCh-RUS Rapid 2016"]
[Site "Sochi RUS"]
[Date "2016.10.05"]
[Round "2.2"]
[Board "1"]
[White "Fedoseev, Vladimir3"]
[Black "Tregubov, Pavel V."]
[Result "1-0"]
[WhiteTitle "GM"]
[BlackTitle "GM"]
[WhiteElo "2665"]
[BlackElo "2586"]
[WhiteTeam "Bulbasaur (Samara region)"]
[BlackTeam "Krasnodar region"]
[WhiteFideId "24130737"]
[BlackFideId "4115341"]
[EventDate "2016.10.05"]

1. f4 d5 2. Nf3 Nf6 3. e3 g6 4. b4 Bg7 5. Bb2 O-O 6. Be2 Bg4 7. O-O Nbd7 8. a4
c6 9. Na3 Qc7 10. c4 Bxf3 11. Bxf3 e5 12. g3 Rfe8 13. cxd5 Nxd5 14. Nb5 cxb5 15.
Bxd5 Nb6 16. Ba2 e4 17. Bxg7 Kxg7 18. f5 f6 19. axb5 Qd6 20. Qb3 Re7 21. Rf2 Rc8
22. fxg6 hxg6 23. Raf1 Rf8 24. Qc3 Re5 25. Bb1 Rc8 26. Qa1 Nc4 27. Rxf6 Qxf6 28.
Rxf6 Kxf6 29. Qd4 Na3 30. Bxe4 Nxb5 31. Qd3 Ke6 32. Bxb7 1-0

[Event "TCh-RUS Rapid 2016"]
[Site "Sochi RUS"]
[Date "2016.10.05"]
[Round "2.3"]
[Board "1"]
[White "Potapov, Pavel"]
[Black "Artemiev, Vladislav"]
[Result "0-1"]
[WhiteTitle "GM"]
[BlackTitle "GM"]
[WhiteElo "2493"]
[BlackElo "2663"]
[WhiteTeam "Yamal (YaNAO)"]
[BlackTeam "Rook (Republic of Tatarstan)"]
[WhiteFideId "4169786"]
[BlackFideId "24101605"]
[EventDate "2016.10.05"]

1. e4 g6 2. Nc3 Bg7 3. h4 c5 4. h5 Nc6 5. d3 d6 6. h6 Bxc3+ 7. bxc3 Nf6 8. Nf3
Bg4 9. Be2 Qa5 10. Bd2 Bxf3 11. Bxf3 O-O-O 12. O-O Rhg8 13. Qc1 c4 14. a4 g5 15.
Qb2 g4 16. Be2 Nd4 17. cxd4 Qxd2 18. Rfb1 Rd7 19. c3 Qxh6 20. g3 cxd3 21. Bxd3
Rg5 22. Qc1 e5 23. Qe3 Rh5 24. Qxh6 Rxh6 25. Kg2 Rc7 26. Ra3 Rg6 27. a5 Rg8 28.
Rh1 h5 29. Rb3 Kb8 30. Rhb1 Ka8 31. Kf1 Re8 32. d5 Rh8 33. a6 b6 34. Ke2 h4 35.
gxh4 Rxh4 36. Rb4 Rxc3 37. Kd2 Rc5 38. Bb5 Rh2 39. Bc6+ Kb8 40. Ra4 Kc7 41. Ke3
Rc3+ 0-1

[Event "TCh-RUS Rapid 2016"]
[Site "Sochi RUS"]
[Date "2016.10.05"]
[Round "3.2"]
[Board "2"]
[White "Ponkratov, Pavel"]
[Black "Romanov, Evgeny"]
[Result "1-0"]
[WhiteTitle "GM"]
[BlackTitle "GM"]
[WhiteElo "2589"]
[BlackElo "2619"]
[WhiteTeam "Malachite (Sverdlovsk region)"]
[BlackTeam "SDYUSSHOR Hilti (St. Petersburg)"]
[WhiteFideId "4157800"]
[BlackFideId "4148843"]
[EventDate "2016.10.05"]

1. g3 Nf6 2. Bg2 d5 3. Nf3 c6 4. O-O Bg4 5. h3 Bxf3 6. Bxf3 e5 7. Bg2 Nbd7 8. d3
Bc5 9. c4 dxc4 10. dxc4 O-O 11. Nc3 a5 12. Qc2 Qe7 13. Rd1 Rfd8 14. a3 Nb6 15.
Rxd8+ Rxd8 16. b3 Qe6 17. Rb1 h5 18. b4 axb4 19. axb4 Bd4 20. c5 Qc4 21. cxb6
Qxc3 22. Qxc3 Bxc3 23. Bg5 Rd6 24. Bxf6 Rxf6 25. e3 g6 26. Kf1 Rd6 27. g4 f5 28.
gxf5 gxf5 29. h4 e4 30. Bh3 Rd5 31. Rb3 Bf6 32. Ra3 Rb5 33. Ra5 Rxb6 34. Rxf5
Kg7 35. Rxh5 Rxb4 36. Bf5 Bc3 37. Rh7+ Kf6 38. Bc8 Rb1+ 39. Kg2 Rb2 40. Rxb7 Rc2
41. Rb1 c5 42. Bb7 Ke5 43. h5 c4 44. Rb5+ Ke6 45. Bxe4 Rd2 46. Rc5 1-0

[Event "TCh-RUS Rapid 2016"]
[Site "Sochi RUS"]
[Date "2016.10.05"]
[Round "3.3"]
[Board "3"]
[White "Popov, Ivan RUS"]
[Black "Yuffa, Daniil"]
[Result "1/2-1/2"]
[WhiteTitle "GM"]
[BlackTitle "IM"]
[WhiteElo "2596"]
[BlackElo "2534"]
[WhiteTeam "Moscow team SHSM Moscow"]
[BlackTeam "Bulbasaur (Samara region)"]
[WhiteFideId "4170350"]
[BlackFideId "24131423"]
[EventDate "2016.10.05"]

1. e4 c5 2. Nf3 Nc6 3. Bb5 g6 4. Bxc6 bxc6 5. O-O Bg7 6. Re1 Nh6 7. c3 O-O 8. d4
cxd4 9. cxd4 d5 10. e5 f6 11. exf6 exf6 12. h3 Nf7 13. Bf4 g5 14. Bh2 f5 15. Be5
g4 16. Bxg7 Kxg7 17. hxg4 fxg4 18. Ne5 Qh4 19. g3 Qh6 20. Nxf7 Rxf7 21. Qd2 Bf5
22. Qxh6+ Kxh6 23. Nc3 Raf8 24. Rad1 Be4 25. Nxe4 dxe4 26. Rd2 Re8 27. Rde2 Rfe7
28. Re3 Re6 29. Rc1 Rd8 30. Rc4 Kg6 31. Kf1 h5 32. Ke2 Rf8 33. Rec3 Rff6 34. Rc5
Rd6 35. R3c4 Rde6 36. Re5 Rxe5 37. dxe5 Re6 38. Rxe4 Kf5 39. Ke3 Rxe5 40. Rxe5+
Kxe5 41. b4 Kd5 42. Kd3 Ke5 43. Ke3 Kd5 44. Kd3 Ke5 45. a3 Kd5 46. a4 Ke5 47.
Ke3 Kd5 48. Kd3 Ke5 1/2-1/2

[Event "TCh-RUS Rapid 2016"]
[Site "Sochi RUS"]
[Date "2016.10.05"]
[Round "3.5"]
[Board "2"]
[White "Nechaev, Oleg"]
[Black "Paravyan, David"]
[Result "0-1"]
[WhiteTitle "FM"]
[BlackTitle "IM"]
[WhiteElo "2358"]
[BlackElo "2528"]
[WhiteTeam "Stavropol region"]
[BlackTeam "Spartak (Moscow)"]
[WhiteFideId "24113409"]
[BlackFideId "4194985"]
[EventDate "2016.10.05"]

1. c4 c5 2. Nc3 g6 3. g3 Bg7 4. Bg2 Nc6 5. e4 e6 6. Nge2 Nge7 7. O-O O-O 8. d3
a6 9. Be3 Nd4 10. Rb1 Nec6 11. Qd2 b5 12. b3 d6 13. cxb5 Nxe2+ 14. Nxe2 axb5 15.
e5 Ra6 16. exd6 Qxd6 17. Rfc1 Nd4 18. Nxd4 cxd4 19. Bg5 Bd7 20. Rc2 Bc6 21. Bxc6
Rxc6 22. Rxc6 Qxc6 23. Rc1 Qd5 24. Bh6 Ra8 25. Bxg7 Kxg7 26. Rc2 Qf3 27. Qe2 Qf5
28. Kg2 Ra7 29. Qf3 Qe5 30. h4 h5 31. Qc6 b4 32. Qb6 Qd5+ 33. Kh2 Rb7 34. Qc6
Qxc6 35. Rxc6 Ra7 36. Kg2 Rxa2 37. Rc4 e5 38. Kf3 f5 39. Rc7+ Kf6 40. Rc6+ Kf7
41. Rc7+ Ke6 42. Rc6+ Kd5 43. Rxg6 e4+ 44. dxe4+ fxe4+ 45. Kg2 e3 46. Rg5+ Ke4
47. Rxh5 Rxf2+ 48. Kg1 d3 49. Rh8 d2 0-1

[Event "TCh-RUS Rapid 2016"]
[Site "Sochi RUS"]
[Date "2016.10.05"]
[Round "4.3"]
[Board "1"]
[White "Rakhmanov, Aleksandr"]
[Black "Alekseev, Evgeny"]
[Result "1-0"]
[WhiteTitle "GM"]
[BlackTitle "GM"]
[WhiteElo "2662"]
[BlackElo "2636"]
[WhiteTeam "Vologda Region"]
[BlackTeam "SDYUSSHOR Hilti (St. Petersburg)"]
[WhiteFideId "4173708"]
[BlackFideId "4138147"]
[EventDate "2016.10.05"]

1. d4 Nf6 2. c4 e6 3. Nc3 Bb4 4. e3 O-O 5. Bd3 d5 6. Ne2 c5 7. cxd5 cxd4 8. exd4
Nxd5 9. O-O Nf6 10. Bg5 Be7 11. Bc2 Nc6 12. a3 b6 13. Qd3 g6 14. Rad1 Bb7 15.
Rfe1 Re8 16. Bc1 Bf8 17. Qh3 Nd5 18. Ne4 Bg7 19. Bg5 Qd7 20. Bb3 Nce7 21. Nc1
Ba6 22. Na2 Rac8 23. Bxd5 Nxd5 24. Nb4 Bb5 25. Qg3 a5 26. Nxd5 exd5 27. Nd6
Rxe1+ 28. Rxe1 Rf8 29. Be7 Bc6 30. Bxf8 Bxf8 31. Ne8 Qd8 32. Qe5 Bxe8 33. Qxe8
Qc7 34. g3 h5 35. h4 Qc2 36. Re7 Qf5 37. Rb7 1-0

[Event "TCh-RUS Rapid 2016"]
[Site "Sochi RUS"]
[Date "2016.10.06"]
[Round "6.2"]
[Board "1"]
[White "Rakhmanov, Aleksandr"]
[Black "Bologan, Victor"]
[Result "1-0"]
[WhiteTitle "GM"]
[BlackTitle "GM"]
[WhiteElo "2662"]
[BlackElo "2640"]
[WhiteTeam "Vologda Region"]
[BlackTeam "Malachite (Sverdlovsk region)"]
[WhiteFideId "4173708"]
[BlackFideId "13900048"]
[EventDate "2016.10.05"]

1. d4 Nf6 2. Nf3 c5 3. c3 cxd4 4. cxd4 d5 5. Nc3 Nc6 6. Bf4 a6 7. Ne5 Bd7 8. e3
e6 9. Bd3 Be7 10. O-O O-O 11. Rc1 Rc8 12. Qf3 Nxe5 13. dxe5 Ne8 14. Rfd1 Qa5 15.
Bb1 f5 16. exf6 Nxf6 17. Be5 Qb4 18. Qh3 h6 19. Rc2 Qg4 20. Qxg4 Nxg4 21. Bg3
Bc5 22. h3 Nf6 23. Be5 Ba7 24. Rdc1 Rc6 25. Ne2 Rfc8 26. Nd4 Rxc2 27. Rxc2 Rxc2
28. Bxc2 Kf7 29. g4 Be8 30. Nf3 Nd7 31. Bc3 Bb8 32. Kg2 Bd6 33. h4 Nf6 34. g5
hxg5 35. hxg5 Ne4 36. Be5 Bc5 37. Bf4 Ke7 38. Ne5 Bh5 39. Nf3 Bxf3+ 40. Kxf3
Nd2+ 41. Ke2 Nc4 42. b3 Na3 43. Bd3 Bd6 44. Bxd6+ Kxd6 45. Kd2 e5 46. f4 exf4
47. exf4 d4 48. Ke2 Kd5 49. Kf3 b5 50. Be4+ Kd6 51. Kg4 a5 52. Kf5 Nc4 53. bxc4
bxc4 54. Kg4 Kc5 55. f5 d3 56. f6 gxf6 57. gxf6 Kd4 58. f7 Kxe4 59. f8=Q d2 60.
Qf3+ Kd4 61. Kf4 c3 62. Qe4+ Kc5 63. Qc2 Kd4 1-0

[Event "TCh-RUS Rapid 2016"]
[Site "Sochi RUS"]
[Date "2016.10.06"]
[Round "8.2"]
[Board "1"]
[White "Fedoseev, Vladimir3"]
[Black "Savchenko, Boris"]
[Result "1/2-1/2"]
[WhiteTitle "GM"]
[BlackTitle "GM"]
[WhiteElo "2665"]
[BlackElo "2613"]
[WhiteTeam "Bulbasaur (Samara region)"]
[BlackTeam "Dasmar (Krasnoyarsk region)"]
[WhiteFideId "24130737"]
[BlackFideId "4147332"]
[EventDate "2016.10.05"]

1. d4 Nf6 2. c4 g6 3. Nc3 d5 4. cxd5 Nxd5 5. e4 Nxc3 6. bxc3 Bg7 7. Bb5+ c6 8.
Ba4 O-O 9. Ne2 c5 10. O-O b6 11. Be3 Bb7 12. f3 Qc7 13. Rc1 Nc6 14. d5 Na5 15.
c4 Ba6 16. Bb3 e6 17. Bf4 Qd7 18. Ba4 Qd8 19. Qd3 exd5 20. exd5 Nxc4 21. Rxc4 b5
22. Rxc5 Qb6 23. Qc2 Rac8 24. Be3 bxa4 25. Rb1 Bh6 26. f4 Qd6 27. Kf2 Qxd5 28.
Qxg6+ hxg6 29. Rxd5 Rc2 30. Rd2 Rfc8 31. Rb8 Rxd2 32. Rxc8+ Bxc8 33. Bxd2 Be6
34. a3 Bf8 35. Bc1 Bc5+ 36. Ke1 Kf8 37. Nc3 Bd7 38. Ke2 f5 39. h3 Kf7 40. Kd3
Bc6 41. g4 Ke6 42. Kc4 Bf2 43. Nd1 Bh4 44. Be3 Bf3 45. gxf5+ Kxf5 46. Nc3 Be7
47. Nxa4 Be2+ 48. Kd5 Bxa3 49. Bxa7 Kxf4 50. Nc3 Bf1 51. h4 Kg3 52. Bc5 Bb2 53.
Nd1 Bh8 54. Ne3 Bh3 55. Be7 Kf3 1/2-1/2

[Event "TCh-RUS Rapid 2016"]
[Site "Sochi RUS"]
[Date "2016.10.06"]
[Round "8.3"]
[Board "1"]
[White "Bologan, Victor"]
[Black "Artemiev, Vladislav"]
[Result "0-1"]
[WhiteTitle "GM"]
[BlackTitle "GM"]
[WhiteElo "2640"]
[BlackElo "2663"]
[WhiteTeam "Malachite (Sverdlovsk region)"]
[BlackTeam "Rook (Republic of Tatarstan)"]
[WhiteFideId "13900048"]
[BlackFideId "24101605"]
[EventDate "2016.10.05"]

1. e4 c5 2. Nf3 d6 3. Bb5+ Nd7 4. c3 Nf6 5. Qe2 a6 6. Ba4 b5 7. Bc2 Bb7 8. O-O
e6 9. d4 Be7 10. Re1 O-O 11. Nbd2 Qc7 12. Nf1 Rfc8 13. Bd3 Bf8 14. Ng3 g6 15. h3
Bg7 16. a4 c4 17. Bc2 e5 18. Be3 Re8 19. d5 Nc5 20. Qd2 Rab8 21. Nh4 Bc8 22.
axb5 axb5 23. Ra3 Bd7 24. Rea1 Rb7 25. Bh6 Reb8 26. Bxg7 Kxg7 27. f4 Qb6 28. Kh1
b4 29. fxe5 Nfxe4 30. Bxe4 bxa3 31. Nh5+ gxh5 32. Qg5+ Kf8 33. Bxh7 dxe5 34. Rf1
Ke8 35. Qxe5+ Kd8 36. Rxf7 Be8 37. Qg5+ Kc8 38. Bf5+ Rd7 39. Rf8 Kb7 40. Bxd7
Nxd7 41. Rf1 axb2 42. Rb1 Ra8 0-1

[Event "TCh-RUS Rapid 2016"]
[Site "Sochi RUS"]
[Date "2016.10.06"]
[Round "9.1"]
[Board "2"]
[White "Romanov, Evgeny"]
[Black "Morozevich, Alexander"]
[Result "0-1"]
[WhiteTitle "GM"]
[BlackTitle "GM"]
[WhiteElo "2619"]
[BlackElo "2683"]
[WhiteTeam "SDYUSSHOR Hilti (St. Petersburg)"]
[BlackTeam "Moscow team SHSM Moscow"]
[WhiteFideId "4148843"]
[BlackFideId "4116992"]
[EventDate "2016.10.05"]

1. d4 Nf6 2. Bg5 d5 3. Nd2 c5 4. e3 Qb6 5. dxc5 Qxb2 6. Rb1 Qc3 7. Nf3 e6 8.
Bb5+ Nc6 9. O-O Bd7 10. Rb3 Qxc5 11. c4 Be7 12. cxd5 exd5 13. Qb1 O-O 14. Rc1
Qd6 15. Bf4 Qe6 16. Ng5 Qg4 17. Bd3 Na5 18. Bxh7+ Kh8 19. Ndf3 Nxb3 20. Ne5 Qh5
21. Nexf7+ Rxf7 22. Bg6 Qxg5 23. Bxg5 Nxc1 24. Bxf7 Ne2+ 25. Kf1 Nc3 26. Qg6
Nce4 0-1

[Event "TCh-RUS Rapid 2016"]
[Site "Sochi RUS"]
[Date "2016.10.06"]
[Round "9.4"]
[Board "1"]
[White "Tregubov, Pavel V."]
[Black "Bologan, Victor"]
[Result "1-0"]
[WhiteTitle "GM"]
[BlackTitle "GM"]
[WhiteElo "2586"]
[BlackElo "2640"]
[WhiteTeam "Krasnodar region"]
[BlackTeam "Malachite (Sverdlovsk region)"]
[WhiteFideId "4115341"]
[BlackFideId "13900048"]
[EventDate "2016.10.05"]

1. d4 Nf6 2. c4 e6 3. Nc3 Bb4 4. e3 O-O 5. Bd3 d5 6. Ne2 c5 7. cxd5 cxd4 8. exd4
Nxd5 9. O-O Nf6 10. Bg5 Be7 11. Bc2 Nc6 12. a3 b6 13. Qd3 g6 14. Rad1 Bb7 15.
Bb3 Ng4 16. Bf4 e5 17. Bg3 Nxd4 18. Nxd4 exd4 19. Qxd4 Qxd4 20. Rxd4 Nf6 21. Bd6
Bxd6 22. Rxd6 Kg7 23. f3 Rfe8 24. Kf2 Rad8 25. Rfd1 Rxd6 26. Rxd6 Re7 27. Nb5
Ba6 28. Nd4 Rc7 29. g4 Nd7 30. Rc6 Rxc6 31. Nxc6 Nc5 32. Bc2 Bd3 33. Bd1 a5 34.
Ke3 Bb5 35. Ne7 Kf8 36. Nd5 Nd7 37. g5 Bc6 38. Kd4 Nc5 39. h4 Bxd5 40. Kxd5 Nd3
41. b3 b5 42. Kc6 b4 43. a4 Ke7 44. Kb5 Kd6 45. Kxa5 Kc5 46. Ka6 Kc6 47. Bc2 Nf4
48. Be4+ Kc7 49. Kb5 Ng2 50. Kxb4 Nxh4 51. f4 1-0